000 00434cam a2200145 4500500
005 20251012032515.0
041 _afre
042 _adc
100 1 0 _aPardo, Arcadio
_eauthor
245 0 0 _aElogio del Secreto/Éloge du secret
260 _c2003.
500 _a88
786 0 _nSigila | 11 | 1 | 2003-06-20 | p. 198-201 | 1286-1715
856 4 1 _uhttps://shs.cairn.info/revue-sigila-2003-1-page-198?lang=fr&redirect-ssocas=7080
999 _c1547519
_d1547519